[Event "only 10 players under 2000"]
[Site "SchemingMind.com"]
[Date "2017.10.25"]
[Round "-"]
[White "Iucounu"]
[Black "roscoe"]
[Result "1-0"]
[WhiteCountry "ENG"]
[BlackCountry "USA"]
[WhiteElo "1608"]
[WhiteRD "71"]
[BlackElo "1196"]
[BlackRD "94"]
[GameID "419882"]

1. e4 d6 2. d4 e5 3. dxe5 Nc6 4. Nf3 dxe5 5. Qxd8+ Nxd8 6. Nxe5 Be6 7. Bd2 Bd6 8. Bc3 f6 9. Nc4 Nf7 10. Nbd2 O-O-O
11. Nxd6+ Nxd6 12. Bd3 a6 13. O-O h5 14. b3 h4 15. f4 h3 16. g3 Rh5 17. Bd4 Nxe4 18. Be3 Nc3 19. Ne4 Nd5 20. Bd2 f5
21. Ng5 Bd7 22. c4 Ndf6 23. Bc3 Re8 24. Rae1 Bc6 25. Bxf5+ Kb8 26. Bg6 Rh6 27. Bxe8 Nxe8 28. Re6 Ngf6 29. Bxf6 gxf6 30. Nf7 Rh7
31. Re7 Nd6 32. Nxd6 Rxe7 33. Nf5 Re2 34. Rf2 Re6 35. Nh4 Bd7 36. Kf1 Rd6 37. Ke1 Bg4 38. Rd2 Re6+ 39. Kf2 c6 40. Nf3 Bh5
41. Re2 Rd6 42. Rd2 Re6= 43. c5 Kc7 44. b4 b6 45. cxb6+ Kxb6 46. a4 Bg6 47. Nd4 Rd6 48. a5+ Kb7 49. Nb3 Rd5 50. Rxd5 cxd5
51. Nd4 f5 52. Ke3 Bh7 53. Kd3 Kc7 54. Ne2 Kd6 55. Kd4 Bg8= 56. Nc3 Bf7 57. Na4 Be8 58. Nb6 Bc6 59. Nc8+ Ke6 60. Nb6 Kd6
61. Nc8+ Ke6 62. Kc5 Bd7 63. Nb6 Bb5 64. Nxd5
1-0

[Event "only 10 players under 2000"]
[Site "SchemingMind.com"]
[Date "2017.10.24"]
[Round "-"]
[White "aliwood"]
[Black "Iucounu"]
[Result "0-1"]
[WhiteCountry "ENG"]
[BlackCountry "ENG"]
[WhiteElo "1301"]
[WhiteRD "55"]
[BlackElo "1582"]
[BlackRD "64"]
[GameID "419883"]

1. Nf3 Nf6 2. c4 g6 3. d4 Bg7 4. Nc3 O-O 5. e4 d6 6. Be2 e5 7. O-O Nc6 8. d5 Ne7 9. b4 Nh5 10. Re1 f5
11. exf5 Nxf5 12. Bg5 Bf6 13. Bxf6 Nxf6 14. Ng5 Kh8 15. Ne6 Bxe6 16. dxe6 Nd4 17. Nd5 Nxe6 18. Nxf6 Qxf6 19. f3 Nf4 20. Bf1 b6
21. Rb1 Qg5 22. Rb2 h5 23. Qc1 Ne6 24. Qxg5 Nxg5 25. Bd3 Kg7 26. a4 a5 27. b5 Ne6 28. Rc1 Nc5 29. Be2 Nxa4 30. Rb3 Rf4
31. g3 Rd4 32. Kf2 Nc5 33. Ra3 Kh6 34. h3 g5 35. h4 Rf8 36. Rcc3 Ne4+
0-1

[Event "only 10 players under 2000"]
[Site "SchemingMind.com"]
[Date "2017.10.24"]
[Round "-"]
[White "Iucounu"]
[Black "aliwood"]
[Result "1-0"]
[WhiteCountry "ENG"]
[BlackCountry "ENG"]
[WhiteElo "1582"]
[WhiteRD "64"]
[BlackElo "1301"]
[BlackRD "55"]
[GameID "419884"]

1. e4 e5 2. Nf3 Nc6 3. Bb5 a6 4. Ba4 Nf6 5. O-O Be7 6. Re1 b5 7. Bb3 d6 8. c3 O-O 9. h3 Na5 10. Bc2 Bb7
11. d3 c5 12. Nbd2 Re8 13. Nf1 Bf8 14. Bg5 h6 15. Bh4 g5 16. Bg3 c4 17. b4 Nc6 18. dxc4 bxc4 19. N3d2 Bg7 20. Nxc4 Rb8
21. Qxd6 Qxd6 22. Nxd6 Red8 23. Nxb7 Rxb7 24. f3 Rbd7 25. Rad1 Ne8 26. Rxd7 Rxd7 27. Rd1 Rxd1 28. Bxd1 f6 29. Bb3+ Kh7 30. Bf2 Nc7
31. a4 Ne7 32. Bb6 Ne8 33. a5 f5 34. exf5 Nxf5 35. Kf2 Nf6 36. Bc2 Kg6 37. g4 Nd5 38. Bxf5+ Kf6 39. Bd8+ Kf7 40. Ne3
1-0

[Event "only 10 players under 2000"]
[Site "SchemingMind.com"]
[Date "2017.10.26"]
[Round "-"]
[White "dadshane2000"]
[Black "Iucounu"]
[Result "1-0"]
[WhiteCountry "USA"]
[BlackCountry "ENG"]
[WhiteElo "1903"]
[WhiteRD "89"]
[BlackElo "1595"]
[BlackRD "65"]
[GameID "419885"]

1. e4 e5 2. Nf3 Nc6 3. Bb5 a6 4. Ba4 Nf6 5. O-O Be7 6. Re1 b5 7. Bb3 d6 8. c3 O-O 9. h3 Na5 10. Bc2 c5
11. d4 Qc7 12. Nbd2 cxd4 13. cxd4 Nc6 14. Nf1 exd4 15. Bf4 Be6 16. Rc1 Qb6 17. e5 dxe5 18. Nxe5 Nb4 19. Bb1 Nbd5 20. Bh2 b4
21. Nc4 Qa7 22. Nfd2 Rfd8 23. Ne4 Nxe4 24. Bxe4 Rac8 25. Be5 Nf6 26. Bd3 Bxc4 27. Bxc4 a5 28. Qb3 Rf8 29. Red1 a4 30. Qf3 Rfd8
31. Qd3 Qb6 32. b3 axb3 33. Qxb3 h6 34. Bxf7+ Kh8 35. Rxc8 Rxc8 36. Bxd4 Qc7 37. Be3 Qc2 38. Rc1 Qf5 39. Rxc8+ Kh7 40. Qe6 Qxe6
41. Bxe6
1-0

[Event "only 10 players under 2000"]
[Site "SchemingMind.com"]
[Date "2017.10.26"]
[Round "-"]
[White "Iucounu"]
[Black "dadshane2000"]
[Result "1/2-1/2"]
[WhiteCountry "ENG"]
[BlackCountry "USA"]
[WhiteElo "1595"]
[WhiteRD "65"]
[BlackElo "1903"]
[BlackRD "89"]
[GameID "419886"]

1. e4 e5 2. Nf3 Nc6 3. Bb5 a6 4. Ba4 Nf6 5. O-O Be7 6. Re1 b5 7. Bb3 O-O 8. c3 d6 9. h3 Nb8 10. d4 Nbd7
11. Nbd2 Bb7 12. Bc2 c5 13. Nf1 cxd4 14. cxd4 exd4 15. Nxd4 Re8 16. a4 bxa4 17. Rxa4 Nc5 18. Ra1 Bf8 19. f3 g6 20. b4 Ne6
21. Nxe6 fxe6 22. Ba4 Nd7 23. Bb2 d5 24. exd5 Bxd5 25. Qd4 Qb6 26. Qxb6 Nxb6 27. Bxe8 Bxb4 28. Reb1 Rxe8 29. Rxa6 Bc5+ 30. Kh2 Nc4
31. Bc3 Bd6+ 32. Kh1 Bc5 33. Ra4 Kf7 34. Bb4 Bd4 35. Nd2 Nb6 36. Ra7+ Kg8 37. Ba5 Nc8 38. Rd7 Ne7 39. Rd8 Rxd8 40. Bxd8 Nf5
41. g4 Ng3+=
1/2-1/2

[Event "only 10 players under 2000"]
[Site "SchemingMind.com"]
[Date "2017.10.24"]
[Round "-"]
[White "Black Knight"]
[Black "Iucounu"]
[Result "0-1"]
[WhiteCountry "USA"]
[BlackCountry "ENG"]
[WhiteElo "1392"]
[WhiteRD "52"]
[BlackElo "1591"]
[BlackRD "65"]
[GameID "419887"]

1. e4 e5 2. Nf3 Nc6 3. Bc4 Nf6 4. Nc3 Nxe4 5. Nxe4 d5 6. Bxd5 Qxd5 7. d3 Bg4 8. c4 Qa5+ 9. Bd2 Bb4 10. O-O Bxf3
11. gxf3 f6 12. a3 Bxd2 13. Qxd2 Qxd2 14. Nxd2 O-O-O 15. Rac1 Nd4 16. Rfe1 g5 17. Ne4 Nxf3+ 18. Kh1 Rhf8 19. Re3 Nh4 20. b4 h6
21. c5 f5 22. Nc3 Ng6 23. f3 c6 24. b5 cxb5 25. Nxb5 a6 26. c6 axb5 27. c7 Rd6 28. Rc5 Rc6 29. Rxb5 Rxc7 30. d4 exd4
31. Rd3 Rc1+ 32. Kg2 Nf4+
0-1

[Event "only 10 players under 2000"]
[Site "SchemingMind.com"]
[Date "2017.10.24"]
[Round "-"]
[White "Iucounu"]
[Black "Black Knight"]
[Result "1-0"]
[WhiteCountry "ENG"]
[BlackCountry "USA"]
[WhiteElo "1591"]
[WhiteRD "65"]
[BlackElo "1392"]
[BlackRD "52"]
[GameID "419888"]

1. e4 e5 2. Nf3 Nc6 3. Bb5 a6 4. Ba4 b5 5. Bb3 Nf6 6. O-O Bc5 7. c3 O-O 8. d4 exd4 9. cxd4 Ba7 10. Re1 Re8
11. e5 Ng4 12. h3 Nxf2 13. Kxf2 d6 14. exd6 Qxd6 15. Rxe8+
1-0

[Event "only 10 players under 2000"]
[Site "SchemingMind.com"]
[Date "2017.10.24"]
[Round "-"]
[White "Scooter"]
[Black "Iucounu"]
[Result "1-0"]
[WhiteCountry "USA"]
[BlackCountry "ENG"]
[WhiteElo "1688"]
[WhiteRD "56"]
[BlackElo "1591"]
[BlackRD "65"]
[GameID "419889"]

1. d4 Nf6 2. Nf3 g6 3. Bf4 Bg7 4. e3 O-O 5. Bd3 d6 6. O-O Nbd7 7. Nbd2 Qe8 8. Bg5 e5 9. dxe5 Nxe5 10. Nxe5 Qxe5
11. Bxf6 Qxf6 12. c3 Qg5 13. Nf3 Qd5 14. Bc2 Qxd1 15. Raxd1 Bg4 16. Be4 Rab8 17. h3 Be6 18. Nd4 Bxd4 19. Rxd4 f5 20. Bd5 Bxd5
21. Rxd5 Rfd8 22. Rfd1 Rd7 23. c4 b6 24. b4 Rbd8 25. c5 bxc5 26. bxc5 Kf7 27. c6 Re7 28. Ra5 Ra8 29. Rb1 a6 30. Rb4 Kf6
31. Rba4 Re5 32. Rxa6 Rxa6 33. Rxa6 Rc5 34. a4 g5 35. a5 h5 36. Ra8 Rxc6 37. a6 Rc1+ 38. Kh2 Kf7 39. a7 Ra1 40. Kg3 h4+
41. Kf3 d5 42. Ke2 c5 43. Kd3 Ra3+ 44. Kc2 d4 45. exd4 cxd4 46. Rh8
1-0

[Event "only 10 players under 2000"]
[Site "SchemingMind.com"]
[Date "2017.10.24"]
[Round "-"]
[White "Iucounu"]
[Black "Scooter"]
[Result "1-0"]
[WhiteCountry "ENG"]
[BlackCountry "USA"]
[WhiteElo "1591"]
[WhiteRD "65"]
[BlackElo "1688"]
[BlackRD "56"]
[GameID "419890"]

1. e4 c6 2. d4 d5 3. Nc3 dxe4 4. Nxe4 Bf5 5. Ng3 Bg6 6. h4 h6 7. h5 Bh7 8. Nf3 Nd7 9. Bd3 Bxd3 10. Qxd3 Qc7
11. Bd2 Ngf6 12. O-O-O e6 13. Ne4 Nxe4 14. Qxe4 Bd6 15. Kb1 O-O-O 16. g3 Nf6 17. Qe2 Qb6 18. Ne5 Bxe5 19. dxe5 Nd5 20. f4 Ne7
21. Bc3 Nd5 22. Qf3 Nxc3+ 23. Qxc3 Rxd1+ 24. Rxd1 Rd8 25. Rxd8+ Kxd8 26. Qe1 Qc5 27. a3 Ke7 28. Qb4 Qxb4 29. axb4 f6 30. c4 Kd7
31. c5 b6 32. Kc2 bxc5 33. bxc5 Kc7 34. b4 Kb7 35. Kb3 Ka6 36. Ka4 f5 37. b5+ cxb5+ 38. Kb4 Kb7 39. Kxb5 a6+ 40. Kb4 Kc6
41. Ka5 Kxc5 42. Kxa6 Kd4 43. Kb6 Ke4 44. Kc6 Kf3 45. Kd6 Kxg3 46. Kxe6 Kxf4 47. Kd6 Kg3 48. e6 f4 49. e7 f3 50. e8=Q f2
51. Qe3+ Kg2 52. Qe4+ Kg1 53. Qg4+ Kf1 54. Qxg7 Ke1 55. Qxh6 f1=Q 56. Qc1+
1-0

[Event "only 10 players under 2000"]
[Site "SchemingMind.com"]
[Date "2017.10.25"]
[Round "-"]
[White "Transcendent"]
[Black "Iucounu"]
[Result "1-0"]
[WhiteCountry "ENG"]
[BlackCountry "ENG"]
[WhiteElo "1674"]
[WhiteRD "72"]
[BlackElo "1582"]
[BlackRD "64"]
[GameID "419891"]

1. d4 Nf6 2. c4 g6 3. g3 Bg7 4. Bg2 O-O 5. Nc3 d6 6. Nf3 Nbd7 7. O-O e5 8. e4 c6 9. h3 Qb6 10. d5 Nc5
11. Ne1 cxd5 12. exd5 a6 13. Nd3 Nxd3 14. Qxd3 Re8 15. Re1 Bd7 16. Rb1 Qc7 17. b3 Bf5 18. Ne4 Nxe4 19. Bxe4 Bxe4 20. Qxe4 f5
21. Qc2 e4 22. Bb2 Bxb2 23. Qxb2 Qg7 24. Kg2 Qxb2 25. Rxb2 b5 26. Ree2 bxc4 27. bxc4 Reb8 28. f3 a5 29. fxe4 Rxb2 30. Rxb2 Ra6
31. exf5 gxf5 32. Kf3 Kg7 33. Rb7+ Kg6 34. Kf4 h5 35. h4 a4 36. Re7
1-0

[Event "only 10 players under 2000"]
[Site "SchemingMind.com"]
[Date "2017.10.24"]
[Round "-"]
[White "Iucounu"]
[Black "Transcendent"]
[Result "0-1"]
[WhiteCountry "ENG"]
[BlackCountry "ENG"]
[WhiteElo "1582"]
[WhiteRD "64"]
[BlackElo "1674"]
[BlackRD "72"]
[GameID "419892"]

1. e4 c6 2. d4 d5 3. Nc3 dxe4 4. Nxe4 Bf5 5. Ng3 Bg6 6. h4 h6 7. h5 Bh7 8. Nf3 Nd7 9. Bd3 Bxd3 10. Qxd3 e6
11. Bf4 Ngf6 12. O-O-O Be7 13. Kb1 Qa5 14. Ne4 Nxe4 15. Qxe4 Nf6 16. Qe2 Nxh5 17. Bd2 Qf5 18. Ne5 Nf6 19. g4 Qe4 20. Qxe4 Nxe4
21. Be3 Bf6 22. f4 Bxe5 23. dxe5 O-O 24. Rd4 Ng3 25. Rhd1 h5 26. gxh5 Nxh5 27. Rh1 g6 28. Rd7 b6 29. c4 Ng3 30. Rg1 Nf5
31. Bf2 Rfd8 32. Rgd1 Rdc8 33. Rb7 Rd8 34. Rdd7 Rxd7 35. Rxd7 Kf8 36. c5 Ke8 37. Rc7 Ne7 38. cxb6 axb6 39. Bxb6 Ra4 40. Be3 Nd5
41. b3 Re4 42. Bd2 Nxc7
0-1

[Event "only 10 players under 2000"]
[Site "SchemingMind.com"]
[Date "2017.10.25"]
[Round "-"]
[White "kenneth m day"]
[Black "Iucounu"]
[Result "1-0"]
[WhiteCountry "USA"]
[BlackCountry "ENG"]
[WhiteElo "1726"]
[WhiteRD "60"]
[BlackElo "1591"]
[BlackRD "65"]
[GameID "419895"]

1. e4 e5 2. Nf3 Nc6 3. d4 exd4 4. c3 dxc3 5. Nxc3 Bb4 6. Bd2 Nf6 7. e5 Bxc3 8. Bxc3 Ne4 9. Qc2 Nxc3 10. Qxc3 O-O
11. O-O-O Re8 12. Bc4 Qe7 13. Rhe1 a6 14. h4 h6 15. Re4 b5 16. Bb3 Bb7 17. Rde1 b4 18. Qe3 a5 19. Rg4 Kh7 20. Qf4 g6
21. Bxf7 Qc5+ 22. Kb1
1-0

[Event "only 10 players under 2000"]
[Site "SchemingMind.com"]
[Date "2017.10.25"]
[Round "-"]
[White "Iucounu"]
[Black "kenneth m day"]
[Result "0-1"]
[WhiteCountry "ENG"]
[BlackCountry "USA"]
[WhiteElo "1591"]
[WhiteRD "65"]
[BlackElo "1726"]
[BlackRD "60"]
[GameID "419896"]

1. e4 e5 2. Nf3 Nc6 3. Bb5 f5 4. Nc3 fxe4 5. Nxe4 Nf6 6. Qe2 Be7 7. Nxf6+ Bxf6 8. c4 O-O 9. O-O d6 10. a3 Bd7
11. d3 a6 12. Ba4 Qe8 13. Bc2 Qh5 14. Nd4 Bg4 15. Nf3 Nd4
0-1

[Event "only 10 players under 2000"]
[Site "SchemingMind.com"]
[Date "2017.10.24"]
[Round "-"]
[White "Iucounu"]
[Black "ray winteringham"]
[Result "1-0"]
[WhiteCountry "ENG"]
[BlackCountry "ENG"]
[WhiteElo "1594"]
[WhiteRD "62"]
[BlackElo "1535"]
[BlackRD "53"]
[GameID "419898"]

1. e4 c5 2. Nf3 Nc6 3. d4 d5 4. exd5 Qxd5 5. c3 Bg4 6. Be2 e6 7. h3 Bh5 8. c4 Qd8 9. d5 exd5 10. g4 Bg6
11. cxd5 Na5 12. Qa4+ Ke7 13. Bd2 b6 14. Bxa5 bxa5 15. O-O Nf6 16. Ne5 Nxd5 17. Nc6+
1-0